| 000 -LEADER |
| fixed length control field |
00916cam a2200253 a 4500 |
| 005 - DATE AND TIME OF LATEST TRANSACTION |
| control field |
20131028061555.0 |
| 008 - FIXED-LENGTH DATA ELEMENTS--GENERAL INFORMATION |
| fixed length control field |
940330s1995 enkb b 001 0 eng |
| 020 ## - INTERNATIONAL STANDARD BOOK NUMBER |
| International Standard Book Number |
058223199X |
| 041 0# - LANGUAGE CODE |
| Language code of text/sound track or separate title |
eng |
| 080 ## - UNIVERSAL DECIMAL CLASSIFICATION NUMBER |
| Universal Decimal Classification number |
323.1 |
| 100 1# - Rafti |
| Rafti |
Urwin, Derek W. |
| 245 14 - TITLE STATEMENT |
| Title |
The community of Europe : |
| Statement of responsibility, etc |
Derek W. Urwin. |
| 250 ## - |
| -- |
2nd ed. |
| 260 ## - |
| -- |
London ; |
| -- |
New York : |
| -- |
Longman, |
| -- |
1995. |
| 300 ## - |
| -- |
xi, 292 p. : |
| -- |
map ; |
| -- |
22 cm. |
| 440 #4 - |
| -- |
The Postwar world |
| 504 ## - BIBLIOGRAPHY, ETC. NOTE |
| Bibliography, etc |
Includes bibliographical references (p. 277-282) and index. |
| 610 20 - |
| -- |
Komuniteti Ekonomik Europian |
| -- |
Historia |
| 651 #0 - |
| -- |
Europe |
| -- |
Integrimi ekonomik |
| -- |
Historia |
| 651 #0 - |
| -- |
Europe |
| -- |
Gjendja ekonomike |
| -- |
1945- |
| 856 42 - |
| -- |
Book review (H-Net) |
| -- |
http://www.h-net.org/review/hrev-a0a0r0-aa |
| 856 42 - |
| -- |
Book review (H-Net) |
| -- |
http://www.h-net.org/review/hrev-a0a0u0-aa |
| 942 ## - ADDED ENTRY ELEMENTS (KOHA) |
| Source of classification or shelving scheme |
|
| Item type |
Books |